000 00937nas a2200313 4500
001 BR0503068
003 BR-BrBNA
005 20231205105432.0
007 ta
008 230509b bl.|||p| |||| 00| 00por d
040 _aBR-BrBNA
_bpor
_cBiblioteca Nacional de Agricultura
041 _a(Pt)
072 _aQ54
100 1 _aSoares, K.R.
100 1 _aBertechini, A.G.
100 1 _aFassani, E.J.
100 1 _aRodrigues, P.B.
100 1 _aFialho, E.T.
100 1 _aGeraldo, A.
100 1 _aBrito, J.A.G. de
245 1 _aValores de energia metabolizável de alimentos para pintos de corte na fase pré-inicial
650 _aFRANGO DE CORTE
650 _aPINTO
650 _aMETABOLISMO ENERGÉTICO
650 _aVALOR NUTRITIVO
773 0 _tCiência e Agrotecnologia (Brazil)
_xISSN 1413-7054
_g(Jan-Feb 2005), v. 29(1) p. 238-244
_wBR0503068
909 _a202311
_bLúcia
_c55
_dLúcia Elande
942 _2AGRIS
_n0
_cANA
999 _c182960
_d182960